000 00547nam a2200193 i 4500
001 bg
100 1 _aSZYMKAT, Maciej
245 0 _aKomputerowe wspomaganie w projektowaniu układów regulacji /
_cMaciej Szymkat.
260 _aWarszawa :
_bWydawnictwa Naukowo-Techniczne,
_c1993.
300 _a180 s. :
_brys., wykr. ;
_c24 cm.
504 _aBibliogr. s. 169-174.
020 _a8320416558
040 _cBPK
041 _apol
080 _a681.5:681.323
920 _a83-204-1655-8
942 _cKS
008 s pl f |000 0 pol
999 _c6475
_d6475
856 _uhttp://koha.tu.koszalin.pl/cgi-bin/koha/opac-detail.pl?biblionumber=6475
_yKatalog online BPK